Biblioteca

El libro de los Jueces (Registro nro. 34628)

Detalles MARC
000 -LÍDER
Campo fijo de descripción fija 01939nam a2200457 i 4500
001 - NÚMERO DE CONTROL
Campo de control 768714001
003 - IDENTIFICADOR DEL NÚMERO DE CONTROL
Campo de control CO-MdFUSB
005 - FECHA Y HORA DE LA ULTIMA TRANSACCIÓN
control field 20250820093953.0
007 - CAMPO FIJO DE DESCRIPCIÓN FIJA--INFORMACIÓN GENERAL
Campo fijo de descripción fija ta
008 - ELEMENTOS DE LONGITUD FIJA -- INFORMACIÓN GENERAL
Campo fijo de descripción fija -- Información general 170823t20052013sp |||| |||| 00| 0 spa d
020 ## - NÚMERO INTERNACIONAL NORMALIZADO PARA LIBROS
Número Internacional Normalizado del libro 84-8169-668-4
Información adicional impreso
020 ## - NÚMERO INTERNACIONAL NORMALIZADO PARA LIBROS
Número Internacional Normalizado del libro 978-84-9945-561-7
Información adicional electrónico
040 ## - FUENTE DE CATALOGACIÓN
Agencia de catalogación original CO-MdFUSB
Idioma de catalogación spa
Agencia que realiza la transcripción CO-MdFUSB
Agencia que realiza la modificación CO-MdFUSBC
Convenciones de la descripción rda
041 0# - CÓDIGO DE IDIOMA
Código de idioma para texto/pista de sonido o título separado spa
Código de idioma original fre
082 04 - NÚMERO DE CLASIFICACIÓN DECIMAL DEWEY
Número de la edición del Dewey 23
Número de clasificación 222.3
Clave de autor-Numero de item A116m
100 1# - ASIENTO PRINCIPAL--NOMBRE PERSONAL
Nombre personal Abadie, Philippe
Término relacionador autor
240 ## - TITULO UNIFORME
Título uniforme <a href="Le livre des Juges">Le livre des Juges</a>
245 #3 - TÍTULO
Título del Material El libro de los Jueces
Mención de responsabilidad, etc. / Philippe Abadie ; traducido por Pedro Barrado , María del Pilar Salas
Medio físico [físico y electrónico]
264 #1 - PRODUCCIÓN, PUBLICACIÓN, DISTRIBUCIÓN, MANUFACTURA, Y COPYRIGHT
Lugar de producción, publicación, distribución, manufactura Estella, Navarra :
Nombre del productor, publicador, distribuidor Verbo Divino,
Fecha de producción, publicación, distribución, manufactura, o copyright [2005]
264 #4 - PRODUCCIÓN, PUBLICACIÓN, DISTRIBUCIÓN, MANUFACTURA, Y COPYRIGHT
Fecha de producción, publicación, distribución, manufactura, o copyright ©2013
300 ## - DESCRIPCIÓN FÍSICA
Extensión 62 páginas
336 ## - TIPO DE CONTENIDO
Fuente rdacontent
Término de tipo de contenido texto
Código de tipo de contenido txt
337 ## - TIPO DE MEDIO
Fuente rdamedia
Nombre del tipo de medio sin mediación
Código del tipo de medio n
337 ## - TIPO DE MEDIO
Fuente rdamedia
Nombre del tipo de medio informático
Código del tipo de medio c
338 ## - TIPO DE SOPORTE
Fuente rdacarrier
Nombre del tipo de soporte volumen
Código Tipo de soporte nc
338 ## - TIPO DE SOPORTE
Fuente rdacarrier
Nombre del tipo de soporte remoto
Código Tipo de soporte cr
347 ## - CARACTERÍSTICAS DEL ARCHIVO DIGITAL
Fuente rda
Tipo de archivo fichero de texto
Formato de codificación PDF
490 ## - MENCIÓN DE SERIE
Mención de serie Cuadernos Bíblicos
505 ## - NOTA DE CONTENIDO
Nota de contenido con formato preestablecido A la sombra de Josué (1,1-3,6) -- Barac y Débora (4-5) - Gedeón y Abimelec (6-9) -- Los jueces menores y la historia de Jefté (10-12) -- Sansón (13-16) -- La migración de Dan (17-18) -- El crimen de Guibeá. -- La guerra contra Benjamín (19-21) -- Los Ángeles en la Biblia.
506 ## - NOTA DE RESTRICCIONES DE ACCESO
Condiciones de acceso Solicitar clave y usuario para acceder al libro electrónico.
506 ## - NOTA DE RESTRICCIONES DE ACCESO
Condiciones de acceso Libro monousuario
563 ## - NOTA DE ENCUADERNACIÓN
Nota de encuadernación Rústico
630 07 - TITULO UNIFORME
Título uniforme Biblia.
Nombre de parte o sección de la obra Jueces
Subdivisión de materia general Crítica, interpretación, etc.
630 #0 - TITULO UNIFORME
Título uniforme Biblia.
Nombre de parte o sección de la obra Jueces
Subdivisión de materia general Historia.
700 ## - ASIENTO SECUNDARIO - NOMBRE PERSONAL
Nombre personal Barrado, Pedro.
9 (RLIN) 3344
Responsabilidad traductor
700 ## - ASIENTO SECUNDARIO - NOMBRE PERSONAL
Nombre personal Salas, María del Pilar,
9 (RLIN) 3345
Responsabilidad traductor
856 ## - LOCALIZACIÓN Y ACCESO ELECTRÓNICOS
Ruta de acceso 861452
Identificador Uniforme del Recurso <a href="http://search.ebscohost.com/login.aspx?direct=true&scope=site&db=nlebk&db=nlabk&AN=861452">http://search.ebscohost.com/login.aspx?direct=true&scope=site&db=nlebk&db=nlabk&AN=861452</a>
Nota dirigida al público <a href="Abrir Versión electrónica del libro El libro de los Jueces">Abrir Versión electrónica del libro El libro de los Jueces</a>
942 ## - TIPO DE MATERIAL (KOHA)
Tipo de Item KOHA Libros General
945 ## - INFORMACIÓN LOCAL DEL REGISTRO
Catalogador JTF-925
Existencias
Estado de Material Estado de Perdido Forma de Clasificación Estado de Dañado No para Préstamo Colección Tomo Biblioteca de Origen Biblioteca Permanente Fecha de Adquisición Área Total de Préstamos Total de Renovaciones Signatura Topográfica Código de Barras Última vez visto Última vez Préstado Ejemplar/Existencia Fecha de Remplazo Tipo de Material Ubicación en Estantería Url Nota Pública
    Dewey Decimal Classification     Colección General   Biblioteca FUSBC Biblioteca FUSBC 03/02/2010 BIBLIA 16 8 G 222.3 A116m 17126 12/03/2024 25/02/2022 Ej. 1 26/01/2016 Libros General      
    Dewey Decimal Classification     Colección Libros Electrónicos   Biblioteca FUSBC Biblioteca FUSBC 09/07/2025 BIBLIA     EBSCO ID861452 09/07/2025   Ej. 1 09/07/2025 Libro electrónico Libro electrónico http://bit.ly/461j4qr LIBRO ELECTRÓNICO - Seguir el link de acceso

Biblioteca FUSBC | Teléfono: (57+4) 349 88 10 Ext. 141| WhatsApp (+57) 3005338115 
E-mail: biblioteca@unisbc.edu.co | Calle 76 87-14 Robledo Palenque, Medellín, Colombia

Con tecnología Koha